• 首页
  • 本馆介绍
  • 公告通知
  • 最新文献
  • 馆藏检索
  • 电子资源
  • 读者导购
  • 参考咨询
  • 我的图书馆
  • 登录
  • 详细信息显示
  • 放入我的书架
  • 预约/预借图书
  • 作者相关作品
  • 分类相关作品
  • 丛书相关作品
  • 出版社相关作品

书目信息

  • 表格格式
  • 工作单格式
  • 卡片格式
题名:
策略思维
    
 
作者: 迪克西特 , 奈尔伯夫 著 ;王尔山 译
分册:  
出版信息: 北京   中国人民大学出版社  2002
页数: 333页
开本: 22m
丛书名: 当代世界学术名著
单 册:
中图分类: F224.32
科图分类:
主题词: 对策论--应用--经济
电子资源:
ISBN: 7-300-04338-0
000 00981nam0 2200265 450
001 0560945359
005 20050919170451.48
010    @a7-300-04338-0@dCNY39.00
100    @a20050919d2002 km y0chiy0120 ea
101 0  @achi
102    @aCN@b110000
200 1  @a策略思维@Ace lue si wei@e商界,政界及日常生活中的策略竞争@f(美)阿维纳什·K·迪克西特,巴里·J·奈尔伯夫著@F(mei)a wei na shen·K·di ke xi te,ba li·J·nai er bo fu zhu@g王尔山译
210    @a北京@c中国人民大学出版社@d2002
215    @a333页@d22m
225 2  @a当代世界学术名著@i经济学系列
461  0 @12001 @a当代世界学术名著
462  0 @12001 @a经济学系列
517 1  @a商界,政界及日常生活中的策略竞争@Ashang jie,zheng jie ji ri chang sheng huo zhong de ce lue jing zheng
606 0  @a对策论@x应用@x经济
690    @aF224.32@v4
701  0 @a迪克西特@Adi ke xi te@4著
701  0 @a奈尔伯夫@Anai er bo fu@4著
702  0 @a王尔山@Awang er shan@4译
801  0 @aCN@bPFT@c20050919
905    @a10447@dF224.32@e139
    
    策略思维:商界,政界及日常生活中的策略竞争/(美)阿维纳什·K·迪克西特,巴里·J·奈尔伯夫著/王尔山译.-北京:中国人民大学出版社,2002
    333页;22m.-(当代世界学术名著.经济学系列)
    
    
    ISBN 7-300-04338-0:CNY39.00
    
●
相关链接 在E读中查询图书 在五车中查询图书 在当当中查询图书 在豆瓣中查询图书


正题名:策略思维     索取号:F224.32/139         预约/预借

序号 登录号 条形码 馆藏地/架位号 状态 备注
1 0362023   203620233   第一样本阅览室/ [索取号:F224.32/139] 在馆    
2 0362024   203620242   第一借阅区/ [索取号:F224.32/139] 在馆    
3 0362025   203620251   第一借阅区/ [索取号:F224.32/139] 在馆    
唐山师范学院图书馆 欢迎您!
大连网信软件有限公司© 版权所有